000 00502nam a2200181Ia 4500
003 GCL
008 140319s9999 xx 000 0 eng d
040 _aGCL /
_cGCL
082 0 4 _a005.43
_bL C
100 1 _aLAMB, ROB K.
245 1 0 _aCOOPERATIVE PROCESSING USING CICS, 1STED /
_cLAMB, ROB K.
260 _a[S.N] :
_bMC GRAW - HILL ،
_c1993
300 _a283 P
650 0 4 _aC I C S(COMPUTER SYSTEM)
650 0 4 _aMICRO COMPUTER WORK STATIONS
650 0 4 _aCOMPUTER - NETWORKS
942 _2ddc
_cBK
999 _c21015
_d21015